书目信息 |
| 题名: |
建设工程投资控制(2010年版)
|
|
| 作者: | 王清祥 主编 ;冀景武 , 张南妹 副主编 | |
| 分册: | ||
| 出版信息: | 北京 中国建筑工业出版社 2010.01 |
|
| 页数: | 231页 | |
| 开本: | 26cm | |
| 丛书名: | 全国监理工程师执业资格考试辅导与实战训练 | |
| 单 册: | ||
| 中图分类: | TU201.7 | |
| 科图分类: | ||
| 主题词: | 建筑设计--ji ben jian she tou zi--控制--工程技术人员--自学参考资料--资格考核 , 建筑设计 | |
| 电子资源: | ||
| ISBN: | 978-7-112-11742-0 | |
| 000 | 01376nam2 2200277 450 | |
| 001 | 012001000735 | |
| 005 | 20100706143454.76 | |
| 010 | @a978-7-112-11742-0@dCNY36.00 | |
| 100 | @a20100515d2010 km y0chiy0121 eb | |
| 101 | 0 | @achi |
| 102 | @aCN@b110000 | |
| 105 | @aa z 000yy | |
| 200 | 1 | @a建设工程投资控制(2010年版)@Ajian she gong cheng tou zi kong zhi 2010 nian ban @f王清祥主编@g冀景武, 张南妹副主编@Gji jing wu,zhang nan mei fu zhu bian |
| 210 | @a北京@c中国建筑工业出版社@d2010.01 | |
| 215 | @a231页@c图@d26cm | |
| 225 | 2 | @a全国监理工程师执业资格考试辅导与实战训练@Aquan guo jian li gong cheng shi zhi ye zi ge kao shi fu dao yu shi zhan xun lian |
| 330 | @a本书是《全国监理工程师执业资格考试辅导与实战训练》(2010年版)丛书之一,根据全国监理工程师执业资格考试大纲和教材编写而成,对考纲进行详细分解,精选典型考生答疑,依考试难点、重点进行例题解析,每章均提供大量实战练习题,书后附有模拟试卷,全书注重考试辅导和实战训练的双重功效,可作为监理工程师考试考生的应试参考。 | |
| 410 | 0 | @12001 @a全国监理工程师执业资格考试辅导与实战训练 |
| 606 | 0 | @a建筑设计@Aji ben jian she tou zi@x控制@x工程技术人员@j自学参考资料@x资格考核 |
| 606 | 0 | @a建筑设计 |
| 690 | @aTU201.7@v4 | |
| 701 | 0 | @a王清祥@Awang qing xiang@4主编 |
| 702 | 0 | @a冀景武@Aji jing wu@4副主编 |
| 702 | 0 | @a张南妹@Azhang nan mei@4副主编 |
| 801 | 0 | @aCN@c20100515 |
| 905 | @dTU201.7@eW310@f5 | |
| 建设工程投资控制(2010年版)/王清祥主编/冀景武, 张南妹副主编.-北京:中国建筑工业出版社,2010.01 |
| 231页:图;26cm.-(全国监理工程师执业资格考试辅导与实战训练) |
| ISBN 978-7-112-11742-0:CNY36.00 |
| 本书是《全国监理工程师执业资格考试辅导与实战训练》(2010年版)丛书之一,根据全国监理工程师执业资格考试大纲和教材编写而成,对考纲进行详细分解,精选典型考生答疑,依考试难点、重点进行例题解析,每章均提供大量实战练习题,书后附有模拟试卷,全书注重考试辅导和实战训练的双重功效,可作为监理工程师考试考生的应试参考。 |
| ● |
| 相关链接 |
|
|
|
正题名:建设工程投资控制(2010年版)
索取号:TU201.7/W310
 
预约/预借
| 序号 | 登录号 | 条形码 | 馆藏地/架位号 | 状态 | 备注 |
| 1 | 986508 | 209865083 | 建筑库101/101建筑库 38排1列4层/ [索取号:TU201.7/W310] | 在馆 | |
| 2 | 986509 | 209865092 | 建筑库101/101建筑库 37排4列3层/ [索取号:TU201.7/W310] | 在馆 | |
| 3 | 986510 | 209865109 | 建筑库101/101建筑库 38排1列4层/ [索取号:TU201.7/W310] | 在馆 | |
| 4 | 986511 | 209865118 | 建筑库101/101建筑库 38排1列4层/ [索取号:TU201.7/W310] | 在馆 | |
| 5 | 986512 | 209865127 | 建筑库101/101建筑库 38排1列4层/ [索取号:TU201.7/W310] | 在馆 |